| 000 | 00901nac a22002171u 4500 | ||
|---|---|---|---|
| 010 | _a 2003063425 | ||
| 020 | _a0471267538 (ClOTH/CD-ROM) | ||
| 082 | 0 | 0 |
_a620.151825 _bTHO |
| 090 |
_c8057 _d8057 |
||
| 100 | _aThompson, Erik G. | ||
| 245 | 1 | 3 |
_aAn introduction to the finite element method : _btheory, programming, and applications / _cErik G. Thompson. |
| 260 |
_aHoboken, NJ : _bJohn Wiley,2005 _c2005 |
||
| 300 |
_axiii, 343 p. : _bill. ; _c26 cm. |
||
| 500 | _adistributer: Al-Ahram | ||
| 504 | _aIncludes bibliographical references (p. 339-340) and index. | ||
| 511 | _acatalogued by: wessam | ||
| 650 | 0 | _aFinite element method. | |
| 856 | 4 | 2 |
_3Publisher description _uhttp://www.loc.gov/catdir/description/wiley041/2003063425.html |
| 856 | 4 | 2 |
_3Table of contents _uhttp://www.loc.gov/catdir/toc/wiley041/2003063425.html |
| 942 |
_cBB _k620.151825THO |
||
| 999 |
_c8057 _d8057 |
||